Communication systems : (Record no. 66033)
[ view plain ]
| 000 -LEADER | |
|---|---|
| fixed length control field | 00922pam a2200277 a 4500 |
| 001 - CONTROL NUMBER | |
| control field | 66033 |
| 003 - CONTROL NUMBER IDENTIFIER | |
| rucl marc code | BD-RjUL |
| 005 - DATE AND TIME OF LATEST TRANSACTION | |
| control field | 20211209081507.0 |
| 008 - FIXED-LENGTH DATA ELEMENTS--GENERAL INFORMATION | |
| fixed length control field | 911216s1992 nyua 001 0 eng |
| 020 ## - INTERNATIONAL STANDARD BOOK NUMBER | |
| International Standard Book Number | 0070252343 : |
| Terms of availability | $49.95 |
| 035 ## - SYSTEM CONTROL NUMBER | |
| System control number | (BD-RjUL)66163 |
| 040 ## - CATALOGING SOURCE | |
| Original cataloging agency | DLC |
| Transcribing agency | DLC |
| Modifying agency | DLC |
| -- | BD-RjUL |
| Language of cataloging | eng |
| 041 ## - LANGUAGE CODE | |
| Language code of text/sound track or separate title | eng |
| 082 00 - DEWEY DECIMAL CLASSIFICATION NUMBER | |
| Edition number | 23 |
| Classification number | 004.68 |
| Author mark and year | GUC 1992 |
| 100 1# - MAIN ENTRY--PERSONAL NAME | |
| Personal name | Gurewich, Nathan |
| 9 (RLIN) | 195319 |
| 245 10 - TITLE STATEMENT | |
| Title | Communication systems : |
| Remainder of title | practical guide to Intel's connectivity designs / |
| Statement of responsibility, etc. | Nathan Gurewich. |
| 260 ## - PUBLICATION, DISTRIBUTION, ETC. (IMPRINT) | |
| Place of publication, distribution, etc. | New York : |
| Name of publisher, distributor, etc. | McGraw-Hill, |
| Date of publication, distribution, etc. | c1992. |
| 300 ## - PHYSICAL DESCRIPTION | |
| Pagination | xv, 344 p. : |
| Illustrations | ill. ; |
| Size | 24 cm. |
| 500 ## - GENERAL NOTE | |
| General note | Includes index. |
| 650 #0 - SUBJECT ADDED ENTRY--TOPICAL TERM | |
| Topical term or geographic name as entry element | Local area networks (Computer networks) |
| 9 (RLIN) | 195321 |
| Topical term or geographic name as entry element | Electronic digital computers |
| General subdivision | Circuits. |
| 9 (RLIN) | 195322 |
| Topical term or geographic name as entry element | Computer network protocols. |
| 9 (RLIN) | 195323 |
| 830 ## - SERIES ADDED ENTRY--UNIFORM TITLE | |
| Uniform title | Intel/McGraw-Hill series |
| 942 ## - ADDED ENTRY ELEMENTS (KOHA) | |
| Source of classification or shelving scheme | Dewey Decimal Classification |
| Koha item type | Books |
| Lost status | Source of classification or shelving scheme | Damaged status | Not for loan | Collection code | Permanent Location | Current Location | Shelving location | Date acquired | Source of acquisition | Cost, normal purchase price | Total Checkouts | Full call number | Date last seen | Copy number | Koha item type |
|---|---|---|---|---|---|---|---|---|---|---|---|---|---|---|---|
| Dewey Decimal Classification | Not For Loan | Non-fiction | Central Library, University of Rajshahi | Central Library, University of Rajshahi | Reading Room | 06/08/2007 | Dhaka, Paragon Enterprises Ltd | 50.00 | 004.68 GUC 1992 | 13/03/2017 | C-1 | Books |